| 000 | 00695cab a2200241 4500 | ||
|---|---|---|---|
| 001 | ABS55779 | ||
| 008 | 090401t1996 xxu||||| |||| 00| 0 eng d | ||
| 035 | _a(Sirsi) u18749 | ||
| 041 | _aeng | ||
| 100 | _aDavid, J. | ||
| 245 | _aVision on | ||
| 260 | _c1996 | ||
| 350 | _a0 | ||
| 490 |
_aBuilding Services _vSeptember 1996, 37(1) |
||
| 520 | _aLooks at the growing use of closed circuit television in town centres and considers whether such systems reduce crime levels. | ||
| 650 | _aCCTV | ||
| 650 | _aCLOSED CIRCUIT TELEVISION | ||
| 650 | _aCRIME PREVENTION | ||
| 650 | _aSECURITY SYSTEMS | ||
| 690 | _aBUILDING AND CONSTRUCTION-SECURITY | ||
| 942 | _n0 | ||
| 948 | _c04/03/1997 | ||
| 999 |
_c12478 _d12478 |
||